| 000 | 00356 a2200157 4500 | ||
|---|---|---|---|
| 001 | 166106 | ||
| 020 | _a | ||
| 040 | _cMagnum | ||
| 100 | _aMoreira, Antonio Flavio Et Al. | ||
| 240 | 1 | 0 |
_aCurriculo, cultura e sociedade _lpor |
| 245 | 1 | 0 | _aCurriculo, cultura e sociedade |
| 362 | 0 | _a1899 | |
| 440 | 1 | _aCortez | |
| 697 | _aADMINISTRACAO | ||
| 942 | _cBK | ||
| 999 |
_c166106 _d166106 |
||